PREDICTIVE TEMPERATURE CONTROL AT A HEAT EXCHANGER OUTPUT

Bibliographic Details
Main Authors: Rohaľ-Ilkiv, Boris, 1949- (Author), Benčurik, Branislav (Author), Zelinka, Peter (Author)
Format: Article
Language:English

MARC

LEADER 00000naa a2200000uu 4500
001 vtls011093379
003 SK-MaSNL
005 20260302110505.0
008 210910|1997 xo |||||||||||||||||eng|
015 |a SNBRA 
035 |a (urnnbn)urn:nbn:sk:snk:ar-a0csac 
035 |a (uuid)c99b9445-ee7a-4d9d-b922-ecdddbdb6dbc 
035 |a urn:nbn:sk:snk-aavxyn 
040 |a SNKBUCL  |b slo  |c SNKBUCL  |e AACR2 
041 0 |a eng 
044 |a xo  |c SK 
100 1 |a Rohaľ-Ilkiv, Boris,  |d 1949-  |4 aut  |9 207538 
245 1 0 |a PREDICTIVE TEMPERATURE CONTROL AT A HEAT EXCHANGER OUTPUT  |c Boris ROHAĽ-ILKIV, Branislav BENČURIK, Peter ZELINKA 
700 1 |a Benčurik, Branislav  |4 aut  |9 786597 
700 1 |a Zelinka, Peter  |4 aut  |9 786598 
773 0 |t Strojné inžinierstvo '97 : zborník referátov medzinárodnej konferencie konanej pri príležitosti osláv 60. výročia vzniku STU  |d V Bratislave : Slovenská technická univerzita, 1997  |g S. 298-301  |z 8022709824 
958 |a OND 
958 |a article12 
958 |a chapter 
999 |c 1243621  |d 1245551